La Rebelión de la revelación: reflexividad, subjetividad y formación en ciencias sociales /
Guardat en:
| Autor principal: | |
|---|---|
| Format: | Text |
| Etiquetes: |
Afegir etiqueta
Sense etiquetes, Sigues el primer a etiquetar aquest registre!
|
MARC
| LEADER | 00000 a a2200000 04500 | ||
|---|---|---|---|
| 001 | 46688 | ||
| 003 | |||
| 040 | |||
| 100 | |a Jaramillo Echeverri, Luis Guillermo | ||
| 245 | |a La Rebelión de la revelación: |b reflexividad, subjetividad y formación en ciencias sociales / |c Luis Guillermo Jaramillo Echeverri | ||
| 773 | |g número40 (2014), páginas 175-189 | ||
| 999 | |c 23520 |d 23520 | ||
